| 000 -LEADER |
| fixed length control field |
00671nam a22001217a 4500 |
| 040 ## - CATALOGING SOURCE |
| Transcribing agency |
RUA |
| 082 ## - DEWEY DECIMAL CLASSIFICATION NUMBER |
| Classification number |
MNR YEA 2014 B469 Or.1 |
| 100 ## - MAIN ENTRY--AUTHOR NAME |
| Personal name |
YEAV CHHUNLAK; យាវ ឈុនឡាក់ |
| 245 ## - TITLE STATEMENT |
| Title |
Effectiviness of the implementation of community forestry thmordounpov in thmorband district, koh kong province, ប្រសិទ្ធិភាពនៃការអនុវត្តសហគមន៍ព្រៃឈើថ្មដូនពៅ នៅស្រុកថ្មបាំង ខេត្តកោះកុង |
| 300 ## - PHYSICAL DESCRIPTION |
| Number of Pages |
xiv,57p. |
| Other physical details |
ill. |
| Dimensions |
29cm. |
| 856 ## - ELECTRONIC LOCATION AND ACCESS |
| Uniform Resource Identifier |
https://drive.google.com/file/d/12nUjQaFkoPDGFO9n93jNtrYkNRgbbH2X/view?usp=sharing |
| 942 ## - ADDED ENTRY ELEMENTS (KOHA) |
| Koha item type |
MNR |
| 952 ## - LOCATION AND ITEM INFORMATION (KOHA) |
| Withdrawn status [LOCAL, KOHA] |
0 |
| 952 ## - LOCATION AND ITEM INFORMATION (KOHA) |
| Withdrawn status [LOCAL, KOHA] |
0 |
| 952 ## - LOCATION AND ITEM INFORMATION (KOHA) |
| Withdrawn status [LOCAL, KOHA] |
0 |
| 952 ## - LOCATION AND ITEM INFORMATION (KOHA) |
| Withdrawn status [LOCAL, KOHA] |
0 |
| 952 ## - LOCATION AND ITEM INFORMATION (KOHA) |
| Withdrawn status [LOCAL, KOHA] |
0 |
| 952 ## - LOCATION AND ITEM INFORMATION (KOHA) |
| Withdrawn status [LOCAL, KOHA] |
0 |
| 952 ## - LOCATION AND ITEM INFORMATION (KOHA) |
| Withdrawn status [LOCAL, KOHA] |
0 |
| 952 ## - LOCATION AND ITEM INFORMATION (KOHA) |
| Withdrawn status [LOCAL, KOHA] |
0 |